000 00841nam a22002897a 4500
001 BR8700008
003 BR-BrBNA
005 20230928092308.0
007 ta
008 230509b bl.||||| |||| 00| 0 por d
040 _aBR-BrBNA
_bpor
_cBiblioteca Nacional de Agricultura
041 _a(Por)
072 _aP01
_b/G514
090 _ P01 BR8700008
110 1 _aFundacao Joao Pinheiro, Belo Horizonte, MG (Brasil)
_94974
245 1 _aO impacto ambiental da mineracao de Aguas Claras
260 3 _aBelo Horizonte, MG (Brasil):
_c1977.
300 _a84 p.
500 _a(*) Documento disponível no(a) Fundacao Joao Pinheiro, Belo Horizonte, MG (Brazil)
650 _aFAUNA
650 _aRELEVO
650 _aVEGETACAO
650 _aDRENAGEM
650 _aMEIO AMBIENTE
909 _a202309
_bLucia
_c55
_dLucia Elande
942 _cBK
999 _c38173
_d38173